Nakladanie s elektroodpadom bude efektívnejšie

V rámci nového zákona o odpadoch bude na Slovensku odpadové hospodárstvo fungovať v prvom rade na princípe rozšírenej zodpovednosti výrobcov. Poplatky za zhodnotenie elektroodpadu, lacnejšia recyklácia, prístupnejšie spotrebiče.

Guardado en:
Detalles Bibliográficos
Autor principal: Jurašková, Tatiana
Formato: Capítulo de libro
Lenguaje:eslovaco
Materias:
Etiquetas: Agregar Etiqueta
Sin Etiquetas, Sea el primero en etiquetar este registro!

MARC

LEADER 00000naa a2200000 4500
001 0175447
005 20231208065924.1
041 0 |a slo 
044 |a SK 
245 1 0 |a Nakladanie s elektroodpadom bude efektívnejšie  |c Tatiana Jurašková 
520 |a V rámci nového zákona o odpadoch bude na Slovensku odpadové hospodárstvo fungovať v prvom rade na princípe rozšírenej zodpovednosti výrobcov. Poplatky za zhodnotenie elektroodpadu, lacnejšia recyklácia, prístupnejšie spotrebiče. 
610 2 0 |a prístroje 
610 2 0 |a elektronika spotrebná 
610 2 0 |a odpad 
610 2 0 |a zber separovaný 
610 2 0 |a recyklácia odpadu 
610 2 0 |a náklady 
610 2 0 |a úpravy právne 
100 1 |a Jurašková, Tatiana